=LDR 00000nam 2200000 4500 =001 INLIS000000000003551 =005 20141122153246.0 =006 =007 =008 Ind =035 ##$$0010-061300000003551 =041 ##$$a Ind =082 ##$$a 621.3 =090 ##$$a 621.3, Sur d =100 ##$$a Suryatno, F =245 ##$$a Dasar-dasar teknik listrik, F. Suryatno =260 ##$$a 1996 $b Jakarta =300 ##$$a ix, 27 hlm., ilus., 20 cm =650 ##$$a Teknik listrik =850 ##$$a NBPNMAT =990 ##$$a 0001/BPAP-NTB/2015 =990 ##$$a 0001/BPAP-NTB/2016 =990 ##$$a 21602727/BPAP-NTB/2017